<?xml version="1.0" encoding="UTF-8"?>
<collection xmlns="http://www.loc.gov/MARC21/slim">
 <record>
  <leader>     na                 </leader>
  <controlfield tag="001">INLIS000000000001920</controlfield>
  <controlfield tag="005">20250722095058</controlfield>
  <datafield tag="035" ind1=" " ind2=" ">
   <subfield code="a">0010-0621001520</subfield>
  </datafield>
  <controlfield tag="008">250722                g          0 ind  </controlfield>
  <datafield tag="245" ind1="1" ind2=" ">
   <subfield code="a">Perempuan multikultural :</subfield>
   <subfield code="b">Negosiasi dan Representasi</subfield>
  </datafield>
  <datafield tag="100" ind1="1" ind2=" ">
   <subfield code="a">Edi Hidayat</subfield>
  </datafield>
  <datafield tag="260" ind1=" " ind2=" ">
   <subfield code="a">Jakarta :</subfield>
   <subfield code="b">Desantara,</subfield>
   <subfield code="c">2005</subfield>
  </datafield>
  <datafield tag="300" ind1=" " ind2=" ">
   <subfield code="a">307 hlm. ;</subfield>
   <subfield code="c">21,5 cm.</subfield>
  </datafield>
  <datafield tag="020" ind1=" " ind2=" ">
   <subfield code="a">979-359-601-5</subfield>
  </datafield>
  <datafield tag="084" ind1=" " ind2=" ">
   <subfield code="a">305.443 EDI p</subfield>
  </datafield>
  <datafield tag="520" ind1=" " ind2=" ">
   <subfield code="a">PEREMPUAN MULTIKULTURAL : NEGOSIASI DAN PRESENTASIPerempuan bukan laki-laki. Itu pasti. Tapi cukupkah kepastian itu bisa menjamin atau turut memastikankeyakinan para pemikir, aktifis perempuan (feminis), atau kita semua bahwa perbedaan seksual/biorogis tidak berarti harus membeda-bedakan antara keduanya? sebuah pertanyaan yang masih membutuhkan proses panjang untuk menjawabnya. Karena realitas seringkali muncul - dan tidak jarang pula sengajadimunculkan - untuk melakukan politik pembedaan, pe-Lain-an, stereotipe, dan stigma. perempuan yang di satu sisi disanjung sebagai ibu kehidupan dan di sisi lain ditindas oleh laki-laki. Mungkin benar bahwa persoalan yang menggelayut pada perempuan sangat terkait dengan asumsi tentang adanya ketidak seimbangan hubungan antara laki-laki dan perempuan. Melalui berbagai analisis ketidakseimbangan ini disinyalir bermuara pada kultur patriarki.vang kemudian mengeras menjadi ideologi dan turut melahirkan penyimpangan perilaku berupa diskriminasi perempuon multikultural belahan dunia. Masing-masing menyandarkan pemikirannya pada keyakinan bahwa patriarki - yang kecenderungannya diarahkan pada laki-laki harus diluluh lantakkan. Para elit perempuan berduyun-duyrn menyuarakan kepedulian nya terhadap `nasib` perempuan yang dianggap tidak mengerti hak-hak hidupnya. Wacana pemberdayaan kemudian menjadi pembicaraan rutin dan cenderung universal. Di kedai kopi, kafe, sudut koran, TV, dan kamar tidur perempuan digugah untuk mengerti bahaya patriarki yang ada di sekitarnya. Penyadaran ini seolah-olah menempatkan perempuan - terutama `yang diberdayakan` - sebagai entitas beku, stabil, dan tidak bergerak. Di sinilah kita seringkali menyaksikan aksi dan reaksi yang berlebihan akibat penerapan wacana pemberdayaan yang dilakukan secara kaku dan tunggal. Ruang dimana perempuan itu hidup dalam situasi yang sangat ragam kurang diperhatikan, bahwa perempuan itu pun memiliki struktur internal tersendiri dan pergulatan dalam relasi kuasa dengan posisi-posisi kekuasaan yang berbeda juga sering dikesampingkan. Buku yang disusun dengan sajian beberapa tulisan yang banyak didiskusikan dalam beberapa forum seminar ini bukan hanya memaparkan pengalaman-pengalaman partikular yang dialami oleh beberapa perempuan yang hidup dalam libatan konstruksi kultural yang beragam, melainkan juga pengungkapan tentang adanya perlawanan strategis sebagai siasat untuk meladeni tuntutan kehidupan yang lebih luas. Penguraian secara teoretik dan sistematis terlihat dari tulisan Ahmad Baso, Manneke Budiman, dan Melani Budianta. Mereka membedah problem perempuan post-kolonial, makna simbolik secara ideologis dari multikulturalisme itu sendiri, serta kecanggihan yang melanda kehidupan perempuan seni tradisi baik yang, berasal dari negara maupun agama. Hegemoni yang beraserl tlari ncgara dan agama merupakan dua hal yang patut.</subfield>
  </datafield>
  <datafield tag="082" ind1=" " ind2=" ">
   <subfield code="a">305.443</subfield>
  </datafield>
  <datafield tag="650" ind1=" " ind2="4">
   <subfield code="a">Wanita Dalam Profesi</subfield>
  </datafield>
  <datafield tag="250" ind1=" " ind2=" ">
   <subfield code="a">Cetakan 1</subfield>
  </datafield>
  <datafield tag="990" ind1=" " ind2=" ">
   <subfield code="a">034643</subfield>
  </datafield>
  <datafield tag="990" ind1=" " ind2=" ">
   <subfield code="a">034644</subfield>
  </datafield>
  <datafield tag="990" ind1=" " ind2=" ">
   <subfield code="a">034646</subfield>
  </datafield>
 </record>
</collection>
